Statistiche per Roma - Sette colli e sette re

Clicka qui per fare il quiz!

Statistiche generali

  • Questo quiz è stato fatto 985 volte
  • Il punteggio medio è 10 su 14

Statistiche sulle risposte

Colle % Corretto
Romolo
93%
Lucio Tarquinio Prisco
80%
Lucio Tarquinio il Superbo
80%
Anco Marzio
79%
Quirinale
78%
Numa Pompilio
77%
Palatino
72%
Aventino
66%
Esquilino
64%
Tullo Ostilio
63%
Viminale
62%
Servio Tullio
62%
Capitolino
59%
Celio
49%

Distribuzione punteggi

Percentile per numero di risposta

Percentuale di utenti per punteggio

I tuoi punteggi nel tempo

Non hai fatto questo quiz